000 00621nam a2200205Ii 4500
003 JO-AjNU
008 230605s9999||||xx |||||||||||||| ||und||
040 _aJO-AjNU
_bara
_erda
_cJO-AjNU
041 _aara
050 1 4 _aBP186.34 1994
100 3 _aالحمصي، عبد القادر,
_eauthor
_940840
245 0 0 _aمولد النبي محمد صلى الله عليه وسلم
250 _aط9
264 3 1 _aد.م: د.ن، 1994
300 _a39ص
336 _atext
_btxt
_2rdacontent
337 _aunmediated
_bn
_2rdamedia
338 _avolume
_bnc
_2rdacarrier
650 4 _aالسيرة النبوية
_940841
999 _aA17364
_c20932
_d20932